00781nam a22002177a 4500003000400000005001700004008004100021020001800062040003700080082001600117100003000133245003200163260005300195300001000248650001600258650003100274650002800305942001200333952020300345999001500548OSt20260305163300.0260305b |||||||| |||| 00| 0 eng d a9789389982312 bEnglishcCentral Library IIT Goa a153.42bARY aArya, P. K.eauthor93716 aSmaran Shakti /cP. K. Arya aNew Delhi :bPrabhat Prakashan Pvt. Ltd. ,c2025 a109p. aHindi92694 aSelf-help techniques93708 aApplied psycology93717 2ddccBK 00102ddc40708HINaIITGCLbIITGCLcFICd2026-03-05eShankar's Book Agency Pvt. Ltd.g250.00l0o153.42 ARYp4631r2026-03-05 16:33:33t1v250.00w2026-03-05yBKzIN36834/25-26||07-02-2026||25.00% c1886d1886